000 00415nam a2200181Ia 4500
008 180207s9999 xx 000 0 und d
020 _a9780448451824
050 _bC733 2009
245 _aComics /
260 _aNew York :
260 _bGrosset & Dunlap, Inc.,
260 _c2009
300 _aunpaged :
300 _bchiefly colored ;
300 _c23cm.
440 _aClub penguin.
650 _aDisney.
999 _c355765
_d355765